000 00648nam a2200217Ia 4500
003 GCL
008 140319s9999 xx 000 0 eng d
020 _a1 85649 536 1
040 _aGCL /
_cGCL
082 0 4 _a305.4
_bP N
100 1 _aJUDD, KAREN
245 1 0 _aNEGOTIATING REPRODUCTIVE RIGHTS :
_bWOMEN'S PERSPECTIVES ACROSS COUNTRIES AND CULTURES /
_cJUDD, KAREN
700 1 _aPETCHESKY, ROSALIND P .
260 _aانجلترا :
_bZED BOOKS LTD ،
_c1998
300 _a22 CM ؛
_c358 P
650 0 4 _aWOMEN - RIGHTS
650 0 4 _aWOMEN - SOCIETY
650 0 4 _aWOMEN - VIOLENCE
650 0 4 _aWOMEN - SOCIAL CONDITIONS
942 _2ddc
_cBK
999 _c8979
_d8979